El Derecho en la Aplicacin̤ de la Contabilidad Forense

Detalles Bibliográficos
Autor principal: Gonzl̀ez Dalmau, Lorgio ℓngel
Formato: eBook
Lenguaje:español
Publicado: [Cuba] : Editorial vLex, 2012
Materias:
Acceso en línea:Acceso restringido

MARC

LEADER 00000nam a22000007a 4500
005 20120807144031.0
007 cr|||| ||||
008 120807s2010 cu |||||s|||| 00||0 spa d
035 |a 6593 
040 |a vLex 
090 |c 3346  |d 3346 
100 1 |a Gonzl̀ez Dalmau, Lorgio ℓngel 
245 1 3 |a El Derecho en la Aplicacin̤ de la Contabilidad Forense  |h [Recurso electrn̤ico] /  |c Lorgio ℓngel Gonzl̀ez Dalmau  
256 |a Servicio en ln̕ea 
260 |a [Cuba] :  |b Editorial vLex,  |c 2012 
300 |a 1 recurso electrn̤ico 
506 1 |a Contenido solo disponible en los productos indicados  |d vLex Global   |d vLex Global (Academic Edition, excluding Law Schools)   |d vLex Global (U.S. Academic Edition, Law Schools)   |d vLex Global (U.S. Academic Edition, excluding Law Schools)   |d vLex Global (Academic Edition, Law Schools)  
650 0 4 |a Contabilidad   |z Mx̌ico 
650 0 4 |a Derecho  |z Mx̌ico 
740 0 |a vLex Libros (Servicio en ln̕ea) 
856 4 0 |u http://vlex.com/source/derecho-aplicacion-contabilidad-forense-6593  |z Acceso restringido 
942 |c BOOK 
999 0 |a  Accounting 
999 0 |a Law